Lignin properties and materials /
Salvato in:
| Enti autori: | , , |
|---|---|
| Altri autori: | , |
| Natura: | Atti del Convegno Libro |
| Lingua: | inglese |
| Pubblicazione: |
Washington, DC
American Chemical Society
1989.
|
| Serie: | ACS symposium series
397 |
| Soggetti: | |
| Accesso online: | Visualizza in OPAC |
| Tags: |
Nessun Tag, puoi essere il primo ad aggiungerne!!
|
MARC
| LEADER | 00000pam a2200000 a 4500 | ||
|---|---|---|---|
| 005 | 20260127134048.0 | ||
| 008 | 050503s1989 dcua b 101 0 eng | ||
| 010 | |a 89-015069 | ||
| 020 | |a 0841216312 | ||
| 035 | |a vtls001563498 | ||
| 035 | |a 1980245 | ||
| 039 | 9 | |y 200505031509 |z mschk03 | |
| 040 | |a STUSCHK1 |b slo |c STUSCHK1 | ||
| 082 | 0 | 0 | |a 661/.802 |2 20 |
| 245 | 0 | 0 | |a Lignin |b properties and materials / |c Wolfgang G. Glasser, editor, Simo Sarkanen, editor. |
| 260 | |a Washington, DC |b American Chemical Society |c 1989. | ||
| 300 | |a xiv, 545 p. |b ill. |c 24 cm. | ||
| 440 | 0 | |a ACS symposium series |x 0097-6156 |v 397 | |
| 500 | |a "Developed from a symposium sponsored by the Cellulose, Paper, and Textile Division of the American Chemical Society at the Third Chemical Congress of North America (195th National Meeting of the American Chemical Society), Toronto, Ontario, Canada, June 5-11, 1988." | ||
| 504 | |a Includes bibliographies and indexes. | ||
| 650 | 0 | |a Lignin |x Congresses. | |
| 650 | 0 | |a Polymers |x Congresses. | |
| 700 | 1 | |a Glasser, Wolfgang G., |d 1941- | |
| 700 | 1 | |a Sarkanen, Simo, |d 1946- | |
| 710 | 2 | |a American Chemical Society. |b Cellulose, Paper, and Textile Division. | |
| 710 | 2 | |a American Chemical Society. |b Meeting |n (195. : |d 1988 : |c Toronto, Ont.) | |
| 711 | 2 | |a Chemical Congress of North America |n (3. : |d 1988 : |c Toronto, Ont.) | |
| 906 | |a 7 |b cbc |c orignew |d 1 |e ocip |f 19 |g y-gencatlg | ||
| 910 | |a SCHK95 | ||
| 919 | |a 0-8412-1631-2 | ||
| 991 | |b c-GenColl |h TS933.L5 |i L54 1989 |p 00009486550 |t Copy 1 |w BOOKS | ||
| 999 | |c 3216 |d 3216 | ||